Welcome to CU Library Online Public Access Catalogue (OPAC)

Other people's children : (Record no. 5168)

MARC details
000 -LEADER
fixed length control field 00646cam a2200193 a 4500
001 - CONTROL NUMBER
control field 14682424
005 - DATE AND TIME OF LATEST TRANSACTION
control field 20250325102002.0
008 - FIXED-LENGTH DATA ELEMENTS--GENERAL INFORMATION
fixed length control field 061228s2006 nyu b 001 0 eng
020 ## - INTERNATIONAL STANDARD BOOK NUMBER
International Standard Book Number 9781595580740 (pbk.)
020 ## - INTERNATIONAL STANDARD BOOK NUMBER
International Standard Book Number 1595580743 (pbk.)
050 00 - LIBRARY OF CONGRESS CALL NUMBER
Classification number LC1099.3
Item number .D45 2006
100 1# - MAIN ENTRY--PERSONAL NAME
Personal name Delpit, Lisa D.
245 10 - TITLE STATEMENT
Title Other people's children :
Remainder of title cultural conflict in the classroom /
Statement of responsibility, etc. Lisa Delpit.
260 ## - PUBLICATION, DISTRIBUTION, ETC.
Place of publication, distribution, etc. New York :
Name of publisher, distributor, etc. New Press :
-- Distributed by W.W. Norton,
Date of publication, distribution, etc. 2006.
300 ## - PHYSICAL DESCRIPTION
Extent xxvii, 223 p. ;
Dimensions 21 cm.
650 #0 - SUBJECT ADDED ENTRY--TOPICAL TERM
Topical term or geographic name entry element Multicultural education
Geographic subdivision United States.
650 #0 - SUBJECT ADDED ENTRY--TOPICAL TERM
Topical term or geographic name entry element Educational anthropology
Geographic subdivision United States.
942 ## - ADDED ENTRY ELEMENTS (KOHA)
Source of classification or shelving scheme Library of Congress Classification
Koha item type Books
Suppress in OPAC No
999 ## -
-- 5168
-- 5168
Holdings
Withdrawn status Lost status Source of classification or shelving scheme Damaged status Not for loan Collection Home library Current library Shelving location Date acquired Total checkouts Full call number Barcode Date last seen Copy number Price effective from Koha item type
    Library of Congress Classification     Non-fiction Business Library (Miotso) Business Library (Miotso) General stacks 03/25/2025   LC1099.3 .D45 2006 BSSM00001590 03/25/2025 1 03/25/2025 Books
© 2023-2024 Copyright: Central University Libraries. All Rights Reserved | Created by: Mahone Tech Office